| 000 | 00793 a2200241 4500 | ||
|---|---|---|---|
| 003 | OSt | ||
| 005 | 20251028123041.0 | ||
| 008 | 250926b |||||||| |||| 00| 0 eng d | ||
| 020 | _a9781398615076 (hbk) | ||
| 037 | _cTB | ||
| 040 |
_aCRL _cCRL |
||
| 041 |
_2eng _aeng |
||
| 084 |
_aX:9 R5 _qCRL |
||
| 100 |
_aFerdous, Sajia _9821369 |
||
| 245 |
_aAdvanced human resource management _bstrategies, theories and concepts for HR practice |
||
| 260 |
_aLondon, UK; _aNew York, USA: _bKogan Page, _c2025. |
||
| 300 | _axvi, 378p. | ||
| 365 |
_b44.99 _cUKP |
||
| 650 |
_aEconomics _9849687 |
||
| 650 |
_aManagement _9849688 |
||
| 942 |
_cTB _2CC _n0 _hX:9 R5 |
||
| 999 |
_c1435465 _d1435465 |
||